| 000 | 00352 a2200145 4500 | ||
|---|---|---|---|
| 999 |
_c12439 _d12439 |
||
| 003 | OSt | ||
| 005 | 20240116151058.0 | ||
| 008 | 240116b ||||| |||| 00| 0 eng d | ||
| 020 | _a9788855210904 | ||
| 082 |
_a720.9451 _bMAI |
||
| 100 | _aMainoli, Anna, | ||
| 245 | _a Arassociati Milanese architecture | ||
| 260 |
_bForma Edizioni _c2022 |
||
| 942 | _2ddc | ||